00605 2200229 4500001002100000005001700021008004100038035002400079040001200103082001100115090001800126100001700144245006700161250001100228260002700239300002500266500003400291650000900325700001500334850001200349999001400361YOGYA-0209000004913620090227032210.0 ind  0010-020900000049136 aYOPDYOG a796.35 a796.35bJac B aJACOBS, John aBimbingan bermain golfcJohn Jacobs ; alih bahasa, R. Soeparmo aCet. 1 aJakartabMutiarac1982 a103 hlmbilusc21 cm aJudul asli : Play better golf aGolf aSuparmo, R aYOPDYOG a24732 - a